Galeria de cuadros escogidos del Real Museo de Pinturas de Madrid grabados sobre acero por el sistema alemán, francés (Record no. 20813)
[ view plain ]
| 000 -LEADER | |
|---|---|
| campo de control de longitud fija | 00719nam a2200181 i 4500 |
| 001 - NÚMERO DE CONTROL | |
| campo de control | 20813 |
| 003 - IDENTIFICADOR DE NÚMERO DE CONTROL | |
| campo de control | ES-MaACL |
| 005 - FECHA Y HORA DE LA ÚLTIMA TRANSACCIÓN | |
| campo de control | 20230906152352.0 |
| 007 - CAMPO FIJO DE DESCRIPCIÓN FÍSICA--INFORMACIÓN GENERAL | |
| campo de control de longitud fija | t| |
| 008 - DATOS DE LONGITUD FIJA--INFORMACIÓN GENERAL | |
| campo de control de longitud fija | 021118s1859 sp ||||1| spa d |
| 100 1# - ENTRADA PRINCIPAL--NOMBRE DE PERSONA | |
| Nombre de persona | Alabern, Camilo. |
| 9 (RLIN) | 19067 |
| 245 10 - MENCIÓN DEL TÍTULO | |
| Título | Galeria de cuadros escogidos del Real Museo de Pinturas de Madrid grabados sobre acero por el sistema alemán, francés |
| Resto del título | : con texto histórico y descriptivo / |
| Mención de responsabilidad, etc. | publicada por Camilo Alabern. |
| 260 ## - PUBLICACIÓN, DISTRIBUCIÓN, ETC. | |
| Lugar de publicación, distribución, etc. | Madrid : |
| Nombre del editor, distribuidor, etc. | [s.n.], |
| Fecha de publicación, distribución, etc. | 1859 ( |
| Fabricante | Imp. de Tejado) |
| 300 ## - DESCRIPCIÓN FÍSICA | |
| Extensión | 55 p., 23 lám. ; |
| Dimensiones | 29 cm. |
| 650 #4 - PUNTO DE ACCESO ADICIONAL DE MATERIA--TÉRMINO DE MATERIA | |
| Término de materia o nombre geográfico como elemento de entrada | Pintura renacentista- |
| Subdivisión geográfica | Museo Nacional del Prado. |
| 9 (RLIN) | 155611 |
| 650 #4 - PUNTO DE ACCESO ADICIONAL DE MATERIA--TÉRMINO DE MATERIA | |
| Término de materia o nombre geográfico como elemento de entrada | Pintura barroca- |
| Subdivisión geográfica | Museo Nacional del Prado. |
| 9 (RLIN) | 155612 |
| 852 ## - LOCALIZACIÓN | |
| Ubicación | ES-MaACL |
| Número de control de estantería | F-14526 |
| Estatus retirado | Estado de pérdida | Estado de daño | No para préstamo | Colección | Biblioteca de origen | Biblioteca actual | Ubicación en estantería | Fecha de adquisición | Fuente de adquisición | Total de préstamos | Signatura topográfica completa | Código de barras | Visto por última vez | Precio de reemplazo | Tipo de ítem Koha |
|---|---|---|---|---|---|---|---|---|---|---|---|---|---|---|---|
| Libros del s. XIX | Biblioteca del Ateneo de Madrid | Biblioteca del Ateneo de Madrid | Sala Pecera Planta 2 | 17/01/2008 | F-14526 | 1021375 | 23/02/2023 | 23/02/2023 | Libro impreso antiguo |
